000 00474nam a2200193Ia 4500
999 _c52377
_d52377
003 0100
005 20170801110107.0
008 130303s9999 xx 000 0 und d
040 _cARRUPELIB
050 _aB828UND1955
100 _aUnderhill, Evelyn
_934152
245 _aMysticism
245 _bA Study in the nature and development of man's spiritual consciousness
260 _bNoonday Books
_aNY
_c1955
300 _a519p
650 _bReligion -- Philosophy
_934153
942 0 0 _01
_2lcc
_cMONOGRAPH